Statistiques concernant Rhabillez le Père Noël sur un dessin

Cliquez ici pour prendre le quiz!

Statistiques générales

  • Ce quiz a été pris 1 131 fois
  • Le résultat moyen est 9 sur 10

Réponses sur la Carte

Les réponses sont colorées sur une échelle allant du rouge au vert en fonction du pourcentage des utilisateurs qui les ont devinées à leur premier essai. Vous pouvez retrouver ces pourcentages ci-dessous.
 

Statistiques - réponses

Vêtement% Correct
Un bonnet
99%
Un pantalon
99%
Un traîneau
99%
Un Manteau
98%
Une barbe
96%
Rodolphe le renne
95%
Des bottes
91%
Des gants
85%
Une hotte
80%
Des lunettes
65%

Distribution des résultats

Percentile par nombre de réponses

% des personnes avec chaque résultat

Votre développement - résultats

Vous n’avez pas pris ce quiz